[Event "Ten14Twenty"]
[Site "SchemingMind.com"]
[Date "2020.09.17"]
[Round "-"]
[White "Manfred Kraut"]
[Black "maro"]
[Result "0-1"]
[WhiteCountry "GER"]
[BlackCountry "MEX"]
[WhiteElo "1322"]
[WhiteRD "72"]
[BlackElo "1448"]
[BlackRD "57"]
[GameID "460148"]

1. d4 Nf6 2. Nf3 e6 3. e3 Bb4+ 4. c3 Ba5 5. Bd3 O-O 6. O-O d5 7. b4 Bb6 8. Ne5 Nbd7 9. f4 Nxe5 10. fxe5 Ne4
11. a4 c6 12. a5 Bc7 13. Rf4 f5 14. exf6 Bxf4 15. exf4 Rxf6 16. c4 Nd6 17. c5 Ne4 18. Qf3 Ng5 19. Qg4 Ne4 20. Qh3 e5
21. Qf3 exd4 22. Bb2 g5 23. Bxd4 Rxf4 24. Qh5 Rh4 25. Qf3 Qc7 26. h3 g4 27. hxg4 Qh2+ 28. Kf1 Ng3+ 29. Kf2 Nh1+ 30. Ke3 Qg1+
31. Ke2 Qxd4 32. Ra2 Bxg4
0-1

[Event "Ten14Twenty"]
[Site "SchemingMind.com"]
[Date "2020.09.17"]
[Round "-"]
[White "maro"]
[Black "Manfred Kraut"]
[Result "1-0"]
[WhiteCountry "MEX"]
[BlackCountry "GER"]
[WhiteElo "1448"]
[WhiteRD "57"]
[BlackElo "1322"]
[BlackRD "72"]
[GameID "460149"]

1. e4 c5 2. d3 Nc6 3. Nf3 g6 4. Bg5 Bg7 5. Nc3 d6 6. h3 Nf6 7. Be2 O-O 8. O-O Nh5 9. Nd2 Nf6 10. f4 Qb6
11. Na4 Qc7 12. e5 dxe5 13. Nxc5 exf4 14. Bxf4 Qb6 15. Be3 Qxb2 16. Nc4 Qa3 17. Nxa3 Nd5 18. Bf2 Bxa1 19. Qxa1 Be6 20. Nxe6 fxe6
21. c4 Nf6 22. Bh4 Nh5 23. Bxh5 gxh5 24. Rxf8+ Rxf8 25. Qe1 Nd4 26. Bf2 Nc2 27. Qxe6+
1-0

[Event "Ten14Twenty"]
[Site "SchemingMind.com"]
[Date "2020.09.18"]
[Round "-"]
[White "Manfred Kraut"]
[Black "Andrew Burruss"]
[Result "0-1"]
[WhiteCountry "GER"]
[BlackCountry "USA"]
[WhiteElo "1298"]
[WhiteRD "75"]
[BlackElo "1430"]
[BlackRD "88"]
[GameID "460150"]

1. d4 d5 2. Nf3 f6 3. e3 Nc6 4. Bd3 e5 5. dxe5 fxe5 6. O-O Qf6 7. b3 e4 8. Nd4 Nxd4 9. exd4 exd3 10. Qxd3 Be6
11. Nc3 a6 12. Qg3 Bd6 13. Qe3 O-O-O 14. Bb2 Qg6 15. Rfe1 Re8 16. Qf3 Rf8 17. Qe3 Qxc2 18. Qxe6+ Kb8 19. Rab1 Qxf2+ 20. Kh1 Nh6
21. Nxd5 Re8 22. Qxe8+ Rxe8 23. Rf1 Qh4 24. h3 Qg3 25. Kg1 Qh2+ 26. Kf2 Bg3+ 27. Kf3 Rf8+ 28. Ke2 Qxg2+ 29. Kd3 Rxf1
0-1

[Event "Ten14Twenty"]
[Site "SchemingMind.com"]
[Date "2020.09.21"]
[Round "-"]
[White "Andrew Burruss"]
[Black "Manfred Kraut"]
[Result "0-1"]
[WhiteCountry "USA"]
[BlackCountry "GER"]
[WhiteElo "1402"]
[WhiteRD "91"]
[BlackElo "1277"]
[BlackRD "76"]
[GameID "460151"]

1. Nf3 d5 2. d4 g6 3. Ne5 Bg7 4. Nxf7 Kxf7 5. e3 Nf6 6. c4 dxc4 7. Bxc4+ e6 8. O-O Re8 9. Qf3 Kg8 10. Rd1 Nc6
11. Bd2 Rf8 12. e4 Nxd4 13. Qd3 c5 14. f3 Nh5 15. Rf1 Kh8 16. Nc3 a6 17. a3 b5 18. Ba2 Bb7 19. Rac1 c4 20. Qe3 Qf6
21. e5 Qxe5 22. Qxe5 Bxe5 23. Rce1 Bg7 24. Ne2 Nxe2+ 25. Rxe2 Bd5 26. Bc3 Bxc3 27. bxc3 Nf4 28. Rd2 Nd3 29. h3 Nf4 30. h4 Nh5
31. Bb1 Ng3 32. Rff2 Rf4 33. Kh2 Nf5 34. g3 Rxf3 35. Rxf3 Bxf3 36. Rf2 Bd5 37. Re2 Nd6 38. Ra2 Ne4 39. Bxe4 Bxe4 40. a4 Kg7
41. axb5 axb5 42. Rb2 Ra1 43. Kh3 h5 44. g4 hxg4+ 45. Kxg4 Bf5+ 46. Kf4 Rh1 47. Rxb5 Rxh4+ 48. Ke5 Re4+ 49. Kd6 Kf6 50. Kc5 Re5+
51. Kb4 Rxb5+ 52. Kxb5 Bd3
0-1

[Event "Ten14Twenty"]
[Site "SchemingMind.com"]
[Date "2020.09.17"]
[Round "-"]
[White "Manfred Kraut"]
[Black "ray winteringham"]
[Result "1-0"]
[WhiteCountry "GER"]
[BlackCountry "ENG"]
[WhiteElo "1322"]
[WhiteRD "72"]
[BlackElo "1446"]
[BlackRD "48"]
[GameID "460152"]

1. d4 d5 2. Nf3 h6 3. e3 a6 4. Bd3 Bg4 5. Nbd2 e6 6. O-O Bd6 7. Qe1 Nf6 8. b3 Nbd7 9. Bb2 O-O 10. Ne5 Nxe5
11. dxe5 Bf5 12. exd6 Qxd6 13. f4 Bxd3 14. cxd3 Nh7 15. Qg3 f6 16. e4 Qb4 17. Rf2 Qe7 18. Raf1 c6 19. e5 f5 20. Qg6 Rf7
21. Qg3 b5 22. Nb1 g6 23. h4 a5 24. Nd2 c5 25. Qxg6+ Kh8 26. Qxh6 Rg7 27. Nf3 Rag8 28. Bc1 Rg6 29. Qh5 Qf7 30. Ng5 Qg7
31. Bb2 Rf8 32. Nxe6 Rxe6 33. Kh2 d4 34. a4 b4 35. Rc1 Rh6 36. Qf3 Rxh4+ 37. Kg1 Qh6 38. Rff1 Rg8 39. Rxc5 Rhg4 40. Bxd4 Nf8
41. e6+ Kh7 42. e7 Nd7 43. Rxf5 Qe6 44. Rh5+ Kg6 45. Rxa5 Kf7 46. Rb5 Qxb3 47. Rf5+ Kxe7 48. Re1+ Kd6 49. Qd5+ Qxd5 50. Rxd5+ Kxd5
51. Bf2 Rxg2+ 52. Kf1 b3 53. Rb1 Nc5 54. a5 Nxd3 55. Bb6 Rh2 56. Rxb3 Rf2+ 57. Bxf2 Nxf4 58. a6 Kc6 59. a7 Ra8 60. Rb8
1-0

[Event "Ten14Twenty"]
[Site "SchemingMind.com"]
[Date "2020.09.17"]
[Round "-"]
[White "ray winteringham"]
[Black "Manfred Kraut"]
[Result "1-0"]
[WhiteCountry "ENG"]
[BlackCountry "GER"]
[WhiteElo "1446"]
[WhiteRD "48"]
[BlackElo "1322"]
[BlackRD "72"]
[GameID "460153"]

1. g3 d5 2. Bg2 g6 3. Nf3 Bg7 4. d4 Nf6 5. b3 O-O 6. Bb2 Nbd7 7. O-O c5 8. Nbd2 cxd4 9. Rb1 Ne4 10. Nxd4 e5
11. N4f3 Nxd2 12. Nxd2 e4 13. e3 Bxb2 14. Rxb2 Qf6 15. Rb1 Nc5 16. f4 h5 17. c4 Bg4 18. Qc1 Rac8 19. Qa3 dxc4 20. Nxc4 b5
21. Nd2 Rfe8 22. b4 Na4 23. Qb3 Rc3 24. Qd5 Rxe3 25. Qxb5 Nc3 26. Qxe8+ Kg7 27. Rbc1 Ne2+ 28. Kf2 Rd3 29. Nxe4 Qb6+ 30. Rc5 a5
31. Qe5+ Kh6 32. bxa5 Nd4 33. axb6
1-0

[Event "Ten14Twenty"]
[Site "SchemingMind.com"]
[Date "2020.09.18"]
[Round "-"]
[White "Manfred Kraut"]
[Black "wight knight"]
[Result "1-0"]
[WhiteCountry "GER"]
[BlackCountry "ENG"]
[WhiteElo "1322"]
[WhiteRD "72"]
[BlackElo "1279"]
[BlackRD "55"]
[GameID "460154"]

1. d4 e6 2. Nf3 f6 3. e3 c5 4. dxc5 Bxc5 5. Bc4 b6 6. O-O Ba6 7. Bxa6 Nxa6 8. Nbd2 d5 9. c3 Qd6 10. b4 Bxb4
11. cxb4 Nxb4 12. Qa4+ Nc6 13. Ba3 Qd7 14. e4 h5 15. exd5 exd5 16. Rac1 Nge7 17. Rfe1 a6 18. Rxc6 b5 19. Rxe7+ Qxe7 20. Qb3 Qe2
21. Rc7 Rd8 22. Re7+ Qxe7 23. Bxe7 Kxe7 24. Qe3+ Kf7 25. Qa7+ Kg6 26. h4 Rd6 27. Qd4 Rc8 28. Qd3+ Kf7 29. Qh7 Rc1+ 30. Kh2 d4
31. Qxh5+ g6 32. Qh7+ Ke6 33. Qxg6 d3 34. Ng5+ Ke5 35. Qe4#
1-0

[Event "Ten14Twenty"]
[Site "SchemingMind.com"]
[Date "2020.09.17"]
[Round "-"]
[White "wight knight"]
[Black "Manfred Kraut"]
[Result "1/2-1/2"]
[WhiteCountry "ENG"]
[BlackCountry "GER"]
[WhiteElo "1292"]
[WhiteRD "58"]
[BlackElo "1298"]
[BlackRD "75"]
[GameID "460155"]

1. e4 c5 2. Bc4 Nc6 3. c3 g6 4. Na3 Bg7 5. Qf3 Ne5 6. Qf4 d6 7. Qxf7+ Kd7 8. Qxg7 Nf6 9. Bb5+ Ke6 10. Qh6 a6
11. Bc4+ Nxc4 12. Nxc4 Kd7 13. d3 b5 14. Qh3+ Ke8 15. Qh6 Ng4 16. Qh4 Rf8 17. f3 bxc4 18. fxg4 cxd3 19. Nf3 c4 20. Bh6 Rf6
21. g5 Rf7 22. b3 Qb6 23. O-O-O Qe3+ 24. Nd2 cxb3 25. axb3 Be6 26. Qe1 Qb6 27. Rf1 Rxf1 28. Qxf1 Kd7 29. c4 a5 30. Qxd3 a4
31. Bg7 a3 32. e5 a2 33. Kb2 Qa5 34. exd6 a1=Q+ 35. Rxa1 Qxa1+ 36. Kc2 Ra2+ 37. Bb2 Rxb2+ 38. Kc3 Rb1+ 39. Kb4 Rd1 40. dxe7+ Kxe7
41. c5 Qb2 42. Qd6+ Kf7 43. Qc7+ Kg8 44. Qd8+ Kg7 45. Qe7+ Bf7 46. Nc4 Qxg2 47. Qf6+ Kg8=
1/2-1/2

[Event "Ten14Twenty"]
[Site "SchemingMind.com"]
[Date "2020.09.21"]
[Round "-"]
[White "Manfred Kraut"]
[Black "WonkaEight"]
[Result "0-1"]
[WhiteCountry "GER"]
[BlackCountry "AUS"]
[WhiteElo "1298"]
[WhiteRD "75"]
[BlackElo "1343"]
[BlackRD "72"]
[GameID "460156"]

1. d4 Nf6 2. Nf3 e6 3. e3 d5 4. Bd3 h6 5. O-O Bd6 6. b3 O-O 7. Bb2 Nc6 8. Nbd2 b6 9. Ne5 Bb7 10. f4 Nb4
11. a3 Nxd3 12. cxd3 c5 13. dxc5 bxc5 14. Rf3 d4 15. exd4 Bxf3 16. Ndxf3 Nd5 17. dxc5 Bxc5+ 18. Kh1 Nxf4 19. d4 Be7 20. Nc6 Qd6
21. Nce5 Qa6 22. Nd7 Nd3 23. Qe2 Rfd8 24. Nde5 Nf2+ 25. Qxf2 f6 26. Ng6 Bd6 27. Re1 Bc7 28. g3 Rdc8 29. Ne7+ Kf7 30. Nxc8 Rxc8
31. d5 e5 32. Nxe5+ Kg8 33. Ng6 Bb6 34. Qf5 Qb7 35. Re7 Qa6 36. Nf4 Qf1#
0-1

[Event "Ten14Twenty"]
[Site "SchemingMind.com"]
[Date "2020.09.21"]
[Round "-"]
[White "WonkaEight"]
[Black "Manfred Kraut"]
[Result "0-1"]
[WhiteCountry "AUS"]
[BlackCountry "GER"]
[WhiteElo "1387"]
[WhiteRD "72"]
[BlackElo "1322"]
[BlackRD "72"]
[GameID "460157"]

1. e4 c5 2. Nc3 Nc6 3. Bc4 g6 4. Qf3 Ne5 5. Bxf7+ Nxf7 6. Nh3 Bg7 7. O-O Ne5 8. Qf4 d6 9. Ng5 Bh6 10. d4 cxd4
11. Nd5 e6 12. Nb4 Nf6 13. Qh4 Bg7 14. Nxh7 Rxh7 15. Qf4 Bd7 16. Nd3 Nxd3 17. Qxd6 Nxe4 18. Qa3 Ndxf2 19. c3 dxc3 20. bxc3 Qb6
21. Be3 Qxe3 22. Qc1 Rxh2 23. Kxh2 Be5+
0-1

[Event "Ten14Twenty"]
[Site "SchemingMind.com"]
[Date "2020.09.18"]
[Round "-"]
[White "maro"]
[Black "Andrew Burruss"]
[Result "1-0"]
[WhiteCountry "MEX"]
[BlackCountry "USA"]
[WhiteElo "1448"]
[WhiteRD "57"]
[BlackElo "1354"]
[BlackRD "108"]
[GameID "460158"]

1. e4 e5 2. d4 Nc6 3. d5 Nd4 4. Nf3 Nxf3+ 5. Qxf3 Qf6 6. Qxf6 Nxf6 7. Nc3 h6 8. Nb5 Rb8 9. Nxc7+ Kd8 10. Nb5 Nxe4
11. Nxa7 Bc5 12. Be3 d6 13. Bxc5 Nxc5 14. Nb5 Kd7 15. Be2 Ke7 16. O-O-O Bf5 17. h3 Be4 18. f3 Bg6 19. Rhe1 Ra8 20. a3 Rac8
21. f4 f5 22. fxe5 dxe5 23. d6+ Kf6 24. d7 Rhd8 25. dxc8=Q Rxc8 26. Rd6+ Ne6 27. h4 f4 28. c3 h5 29. g4 hxg4 30. Bxg4 Bf5
31. Bxf5 Kxf5 32. Rd5 Kg4 33. Rg1+ Kf5 34. Nd6+ Kf6 35. Nxc8
1-0

[Event "Ten14Twenty"]
[Site "SchemingMind.com"]
[Date "2020.09.21"]
[Round "-"]
[White "Andrew Burruss"]
[Black "maro"]
[Result "0-1"]
[WhiteCountry "USA"]
[BlackCountry "MEX"]
[WhiteElo "1354"]
[WhiteRD "108"]
[BlackElo "1448"]
[BlackRD "57"]
[GameID "460159"]

1. d4 d5 2. Nc3 e5 3. e4 Bb4 4. Bd2 exd4 5. f3 dxc3 6. Bxc3 Bxc3+ 7. bxc3 Qe7 8. Qxd5 Nf6 9. Qd4 Nc6 10. Qd3 O-O
11. Ne2 Qa3 12. g3 Qb2 13. Rd1 Be6 14. Nf4 Rad8 15. Nxe6 fxe6 16. Qc4 Rxd1+ 17. Kxd1 Rd8+ 18. Ke1 Qc1+ 19. Kf2 Rd2+ 20. Kg1 Rxc2
21. Qxe6+ Kf8 22. Qc8+ Ne8 23. a4 Qe3#
0-1

[Event "Ten14Twenty"]
[Site "SchemingMind.com"]
[Date "2020.09.17"]
[Round "-"]
[White "maro"]
[Black "ray winteringham"]
[Result "0-1"]
[WhiteCountry "MEX"]
[BlackCountry "ENG"]
[WhiteElo "1391"]
[WhiteRD "59"]
[BlackElo "1448"]
[BlackRD "48"]
[GameID "460160"]

1. e4 e5 2. d4 exd4 3. Qxd4 Nc6 4. Qe3 b6 5. Nc3 Bb7 6. Bc4 Bb4 7. a3 Bc5 8. Qf4 Qe7 9. Qxc7 Na5 10. Bb3 Bxe4
11. Nge2 Nxb3 12. cxb3 Bxg2 13. Rg1 Bc6 14. Rxg7 Bxf2+ 15. Kf1 Qf6 16. Bf4 Qxg7 17. Kxf2 Qg2+ 18. Ke3 Nf6 19. Qe5+ Kf8 20. Bh6+ Kg8
21. Rg1 Ng4+ 22. Kd2 Nxe5 23. Rxg2+ Bxg2 24. Nf4 Bc6 25. Nh5 f5 26. Nf4 Kf7 27. b4 Rhg8 28. Kc2 Rae8 29. b5 Be4+ 30. Kb3 Nd3
31. Nxd3 Bxd3 32. Nd5 Rc8
0-1

[Event "Ten14Twenty"]
[Site "SchemingMind.com"]
[Date "2020.09.17"]
[Round "-"]
[White "ray winteringham"]
[Black "maro"]
[Result "0-1"]
[WhiteCountry "ENG"]
[BlackCountry "MEX"]
[WhiteElo "1448"]
[WhiteRD "48"]
[BlackElo "1391"]
[BlackRD "59"]
[GameID "460161"]

1. g3 e5 2. Bg2 d5 3. e4 d4 4. d3 h6 5. b3 Nc6 6. Ne2 Bg4 7. f3 Bh5 8. Bb2 Bb4+ 9. Nd2 Nf6 10. c3 dxc3
11. Bxc3 Qxd3 12. Bxb4 Nxb4 13. O-O Nc2 14. Nc1 Qd4+ 15. Rf2 Nxa1 16. Bf1 Bxf3 17. Qxf3 Nc2 18. Bd3 Ne1 19. Qe2 Nxd3 20. Nxd3 O-O-O
21. Ne1 h5 22. Nef3 Qc5 23. Kg2 Ng4 24. Rf1 Ne3+ 25. Kh3 Nxf1 26. Nxf1 Rh6 27. Ng5 Qe7 28. Qf2 Qxg5 29. Qxa7 Qg4+ 30. Kg2 Qxe4+
31. Kg1 h4 32. Qf2 hxg3 33. Nxg3 Rd1+ 34. Nf1 Rg6+
0-1

[Event "Ten14Twenty"]
[Site "SchemingMind.com"]
[Date "2020.09.17"]
[Round "-"]
[White "maro"]
[Black "wight knight"]
[Result "1-0"]
[WhiteCountry "MEX"]
[BlackCountry "ENG"]
[WhiteElo "1391"]
[WhiteRD "59"]
[BlackElo "1312"]
[BlackRD "54"]
[GameID "460162"]

1. e4 e5 2. d4 Nc6 3. Nf3 f6 4. d5 Na5 5. Nc3 c6 6. dxc6 bxc6 7. Be3 d5 8. exd5 Bb7 9. Be2 cxd5 10. Bb5+ Bc6
11. Bxc6+ Nxc6 12. Nxd5 Nge7 13. c4 Nf5 14. O-O g5 15. Qa4 Rc8 16. Bxa7 Qd7 17. Nxf6+ Ke7 18. Nxd7 Kxd7 19. Nxe5+ Ke7 20. Nxc6+ Kf7
21. Ne5+ Kg8 22. Qd7 Ne7 23. Qe6+ Kg7 24. Qf7+ Kh6 25. Ng4#
1-0

[Event "Ten14Twenty"]
[Site "SchemingMind.com"]
[Date "2020.09.17"]
[Round "-"]
[White "wight knight"]
[Black "maro"]
[Result "0-1"]
[WhiteCountry "ENG"]
[BlackCountry "MEX"]
[WhiteElo "1312"]
[WhiteRD "54"]
[BlackElo "1391"]
[BlackRD "59"]
[GameID "460163"]

1. e4 e5 2. Bc4 Nf6 3. f3 Bc5 4. d3 d5 5. Bg5 dxc4 6. dxc4 O-O 7. Qxd8 Rxd8 8. Nc3 Nc6 9. Bxf6 gxf6 10. a3 a6
11. b4 Be7 12. Nd5 Nd4 13. O-O-O Bf8 14. f4 Ne6 15. Nxf6+ Kh8 16. fxe5 Bh6+ 17. Kb1 Rxd1+ 18. Kb2 Bc1+ 19. Ka2 Nd4 20. Ng4 Bxg4
0-1

[Event "Ten14Twenty"]
[Site "SchemingMind.com"]
[Date "2020.09.17"]
[Round "-"]
[White "maro"]
[Black "WonkaEight"]
[Result "1/2-1/2"]
[WhiteCountry "MEX"]
[BlackCountry "AUS"]
[WhiteElo "1448"]
[WhiteRD "57"]
[BlackElo "1387"]
[BlackRD "72"]
[GameID "460164"]

1. e4 d6 2. d4 Nf6 3. Nc3 Nc6 4. d5 Ne5 5. Bf4 c5 6. dxc6 Nxc6 7. Bc4 e5 8. Bg5 h6 9. Bh4 Be7 10. Nf3 Ng4
11. Bxe7 Nxe7 12. O-O O-O 13. Qd2 Nf6 14. h3 Qc7 15. b3 a6 16. a4 b5 17. axb5 a5 18. Na4 Nxe4 19. Qe3 Bf5 20. b6 Qc6
21. Rad1 Nc8 22. Bd5 Qxc2 23. b7 Rb8 24. bxc8=Q Rbxc8 25. Nh4 Bh7 26. f3 Ng3 27. Rc1 Ne2+ 28. Kh1 Ng3+ 29. Kh2 Nxf1+ 30. Rxf1 g5
31. Nb6 Rc3 32. Qc1 Qxc1 33. Rxc1 Rxc1 34. Nd7 Re8 35. Nf6+ Kf8 36. Nxh7+ Ke7 37. Nf5+ Kd8 38. Bxf7 Rh8 39. Bg6 Kc7 40. Ne7 Rb8
41. Nd5+ Kc6 42. Be4 Rxb3 43. Nb4+ Kb6 44. Nd3 Rcc3 45. Nf2 a4 46. Nf6 Rc1 47. Nd5+ Kb5 48. Nd3 Ra1 49. Ne3 Rc3 50. Nd5 Rca3
51. N5b4 Rc3 52. Nd5 Rca3=
1/2-1/2

[Event "Ten14Twenty"]
[Site "SchemingMind.com"]
[Date "2020.09.17"]
[Round "-"]
[White "WonkaEight"]
[Black "maro"]
[Result "0-1"]
[WhiteCountry "AUS"]
[BlackCountry "MEX"]
[WhiteElo "1343"]
[WhiteRD "72"]
[BlackElo "1460"]
[BlackRD "60"]
[GameID "460165"]

1. d4 Nf6 2. c4 d6 3. Nc3 c6 4. Bg5 e6 5. Nf3 h6 6. Bh4 Be7 7. e4 e5 8. d5 cxd5 9. Nxd5 Nxd5 10. Bxe7 Nxe7
11. c5 Qa5+ 12. Nd2 Qxc5 13. Nb3 Qb4+ 14. Qd2 Qxe4+ 15. Be2 Bh3 16. f3 Qh4+ 17. g3 Qf6 18. O-O-O Bg2 19. Bb5+ Nbc6 20. Qxg2 a6
21. Bd3 O-O 22. Qe2 Nd5 23. Qe4 g6 24. Qxd5 Nb4 25. Qxb7 Rfc8+ 26. Kb1 Nxd3 27. Rxd3 Qf5 28. Qe4 Qh3 29. Rc3 Qg2 30. Rhc1 Rd8
31. Qd5 Rab8 32. Rc7 Rf8 33. Qxd6 Qxf3 34. Na5 Qf5+ 35. Ka1 Qf2 36. Nb7 Rfd8 37. Qxd8+ Rxd8 38. Nxd8 e4 39. Rxf7 Qd2 40. Rcf1 Qxd8
41. Kb1 e3 42. Kc1 e2 43. Re1 Kxf7 44. Rxe2 Qc7+ 45. Kd2 Qa5+ 46. Kd3 Qxa2 47. b4 Qb1+ 48. Kc4 Qc1+ 49. Kb3 Qd1+ 50. Rc2 a5
51. b5 Qd5+ 52. Ka4 Qe4+ 53. Kb3 Qb4+ 54. Ka2 a4 55. Rb2 Qc4+ 56. Ka3 Qc3+ 57. Ka2 Qc4+ 58. Ka3 h5 59. b6 Qc3+ 60. Ka2 Qc4+
61. Ka3 Qc3+ 62. Ka2 a3 63. Rb5 Qc2+ 64. Kxa3 Qc1+ 65. Rb2 Qa1+ 66. Ra2 Qc3+ 67. Ka4 Qc6+ 68. Ka5 Qa8+ 69. Kb5 Qxa2 70. b7 Qa7
71. Kc6 Qb8 72. Kb6 Ke7 73. Kc6 Kd8 74. Kb6 Kd7 75. h4 Kd6
0-1

[Event "Ten14Twenty"]
[Site "SchemingMind.com"]
[Date "2020.09.21"]
[Round "-"]
[White "Andrew Burruss"]
[Black "ray winteringham"]
[Result "1-0"]
[WhiteCountry "USA"]
[BlackCountry "ENG"]
[WhiteElo "1430"]
[WhiteRD "88"]
[BlackElo "1523"]
[BlackRD "48"]
[GameID "460166"]

1. c4 b5 2. cxb5 d5 3. d4 Bb7 4. Nc3 e6 5. Nf3 Bd6 6. a3 h6 7. e3 c6 8. bxc6 Nxc6 9. g3 Nge7 10. Bd3 Qc7
11. O-O a6 12. e4 dxe4 13. Bxe4 O-O-O 14. b4 f5 15. Bc2 g5 16. Re1 Rde8 17. Rxe6 Qd7 18. Bb3 Nb8 19. d5 g4 20. Ne5 Bxe5
21. Rxe5 Nxd5 22. Rxe8+ Rxe8 23. Nxd5 Re5 24. Qc2+ Nc6 25. Nb6+ Kc7 26. Nxd7 Re1+ 27. Kg2 Kxd7 28. Qd2+ Nd4+ 29. f3 Bxf3+ 30. Kf2 Re2+
31. Qxe2 Nxe2 32. Bxh6 Nd4 33. Bc4 Nc2 34. Ra2
1-0

[Event "Ten14Twenty"]
[Site "SchemingMind.com"]
[Date "2020.09.18"]
[Round "-"]
[White "ray winteringham"]
[Black "Andrew Burruss"]
[Result "1/2-1/2"]
[WhiteCountry "ENG"]
[BlackCountry "USA"]
[WhiteElo "1523"]
[WhiteRD "48"]
[BlackElo "1430"]
[BlackRD "88"]
[GameID "460167"]

1. g3 d5 2. Bg2 e5 3. e4 Nf6 4. exd5 Nxd5 5. d3 Nc6 6. Ne2 Bc5 7. O-O O-O 8. a3 a5 9. Bd2 b6 10. c4 Nde7
11. Bc3 Ng6 12. Nd2 Qxd3 13. Bxc6 Rb8 14. Be4 Qd6 15. Qc2 f5 16. Bg2 Be6 17. Rad1 Qe7 18. Nf3 Bxc4 19. Rfe1 Rbd8 20. Ned4 Qd7
21. Nb3 Qe7 22. Nxe5 Bxf2+ 23. Kxf2 f4 24. Kg1 fxg3 25. Nc6 gxh2+ 26. Kh1 Qg5 27. Kxh2 Qh4+ 28. Kg1 Rde8 29. Bd4 Rxe1+ 30. Rxe1 Qxe1+
31. Kh2 Bf1 32. Bxf1 Qxf1 33. Qc3 Rf2+ 34. Bxf2 Qxf2+ 35. Kh1 Nh4 36. Qc4+ Kf8 37. Qe4 Qf1+ 38. Kh2 g6 39. Qxh4 h5 40. Qe7+ Kg8
41. Qe8+ Kg7 42. Qe5+ Kh6 43. Qg3 g5 44. Nbd4 Qf4 45. Qxf4 gxf4 46. Kh3 Kg5 47. Nf3+ Kf5 48. Kg2 Kg4 49. Ncd4 h4 50. Nh2+ Kg5
51. Ndf3+ Kf5 52. Nxh4+ Ke4 53. Kf2 Kd3 54. N4f3 Kc2 55. Nf1 Kxb2 56. Nd4 Kxa3 57. Nb5+ Ka4 58. Nxc7 b5 59. Nd2 b4 60. Nd5 b3
61. Nc3+ Kb4 62. Nd5+ Ka3 63. Kf3 b2 64. Nc3 Kb4 65. Ndb1 a4 66. Kxf4 a3 67. Ke3 Kb3 68. Kd3 a2 69. Nxa2=
1/2-1/2

[Event "Ten14Twenty"]
[Site "SchemingMind.com"]
[Date "2020.09.21"]
[Round "-"]
[White "Andrew Burruss"]
[Black "wight knight"]
[Result "1-0"]
[WhiteCountry "USA"]
[BlackCountry "ENG"]
[WhiteElo "1354"]
[WhiteRD "108"]
[BlackElo "1279"]
[BlackRD "55"]
[GameID "460168"]

1. e4 e5 2. Nf3 f6 3. Nc3 c6 4. d4 Na6 5. a3 b5 6. b4 g5 7. g4 d6 8. h3 Be6 9. d5 cxd5 10. exd5 Bf7
11. Bxb5+ Ke7 12. Bxa6 h5 13. Nxe5 dxe5 14. Be3 hxg4 15. Qxg4 Rh4 16. Bc5+ Ke8 17. Bb5+ Qd7 18. Qxd7#
1-0

[Event "Ten14Twenty"]
[Site "SchemingMind.com"]
[Date "2020.09.18"]
[Round "-"]
[White "wight knight"]
[Black "Andrew Burruss"]
[Result "1/2-1/2"]
[WhiteCountry "ENG"]
[BlackCountry "USA"]
[WhiteElo "1292"]
[WhiteRD "58"]
[BlackElo "1430"]
[BlackRD "88"]
[GameID "460169"]

1. e4 e5 2. Bc4 Bc5 3. Qf3 Qf6 4. Qxf6 Nxf6 5. f3 O-O 6. d3 h6 7. a4 a5 8. Ne2 Nc6 9. c3 d6 10. h4 Rd8
11. g4 g5 12. hxg5 hxg5 13. Bxg5 Kg7 14. Bxf6+ Kxf6 15. Nd2 Bd7 16. O-O-O Ne7 17. d4 exd4 18. f4 Bxg4 19. Rh6+ Kg7 20. Rdh1 Rh8
21. R6h4 Bd7 22. Rg1+ Ng6 23. Rxh8 Rxh8 24. cxd4 Bb4 25. f5 Kf6 26. fxg6 fxg6 27. Nf4 g5 28. Nd5+ Kg6 29. Nxc7 Bxa4 30. Bb5 Bxb5
31. Nxb5 Rh2 32. Rd1 g4 33. Nc4 d5 34. exd5 Be7 35. d6 Bg5+ 36. Kb1 g3 37. Ne5+ Kh5 38. Nf3 Rh3 39. Nxg5 Kxg5 40. Nc7 g2
41. d7 Rh1 42. d8=Q+ Kf4 43. Nd5+ Kf3 44. Qg5 Rxd1+ 45. Ka2 g1=Q 46. Qf4+ Ke2 47. Nc3+ Kd3 48. Nxd1 Qxd1 49. Qc7 Qa4+ 50. Kb1 Qxd4
51. Qxb7 Kd2 52. Qg2+ Ke3 53. Qg1+ Kd3 54. Qxd4+ Kxd4 55. Ka2 Kd3 56. Ka3 Kc2=
1/2-1/2

[Event "Ten14Twenty"]
[Site "SchemingMind.com"]
[Date "2020.09.21"]
[Round "-"]
[White "Andrew Burruss"]
[Black "WonkaEight"]
[Result "1-0"]
[WhiteCountry "USA"]
[BlackCountry "AUS"]
[WhiteElo "1430"]
[WhiteRD "88"]
[BlackElo "1343"]
[BlackRD "72"]
[GameID "460170"]

1. Nc3 d5 2. d4 e6 3. a3 Nf6 4. f3 Bd6 5. e4 dxe4 6. fxe4 e5 7. Nf3 h6 8. Bc4 Qe7 9. O-O Bg4 10. h3 Bh5
11. Be3 exd4 12. Bxd4 Nc6 13. Qd3
1-0

[Event "Ten14Twenty"]
[Site "SchemingMind.com"]
[Date "2020.09.21"]
[Round "-"]
[White "WonkaEight"]
[Black "Andrew Burruss"]
[Result "0-1"]
[WhiteCountry "AUS"]
[BlackCountry "USA"]
[WhiteElo "1343"]
[WhiteRD "72"]
[BlackElo "1430"]
[BlackRD "88"]
[GameID "460171"]

1. e4 e5 2. Nf3 Nc6 3. Bb5 f6 4. c3 a6 5. Bc4 Nge7 6. d4 d6 7. d5 Na5 8. Qa4+ c6 9. Be3 h6 10. b4 Nxc4
11. Bc1 b5 12. Qd1 cxd5 13. exd5 Bb7
0-1

[Event "Ten14Twenty"]
[Site "SchemingMind.com"]
[Date "2020.09.16"]
[Round "-"]
[White "ray winteringham"]
[Black "wight knight"]
[Result "1-0"]
[WhiteCountry "ENG"]
[BlackCountry "ENG"]
[WhiteElo "1446"]
[WhiteRD "48"]
[BlackElo "1279"]
[BlackRD "55"]
[GameID "460172"]

1. g3 e5 2. Bg2 c6 3. e4 Bc5 4. Ne2 Qf6 5. O-O d5 6. exd5 Bd7 7. dxc6 bxc6 8. Nbc3 h5 9. Ne4 Qe6 10. Nxc5 Qg6
11. b3 f5 12. Bb2 e4 13. Nf4 Qd6 14. Bxg7 Rh7 15. Bd4 Qxd4 16. Na4 h4 17. Ne2 Qe5 18. c4 hxg3 19. fxg3 Nf6 20. Nf4 Ng4
21. h3 Qd4+ 22. Kh1 Nf2+ 23. Rxf2 Qxf2 24. Nh5 Rxh5 25. Qxh5+ Kd8 26. Rd1 Qxg3 27. Nc5 f4 28. Nxe4 Qg7 29. Qh4+ Qe7 30. Qxf4 Na6
31. Rf1 Nc7 32. d3 Ne6 33. Qg3 a5 34. Nf6 a4 35. Qg8+ Nf8 36. Nxd7 Kxd7 37. Rf7 Ke8 38. Bxc6+ Kd8 39. Rxe7 Kxe7 40. Bxa8
1-0

[Event "Ten14Twenty"]
[Site "SchemingMind.com"]
[Date "2020.09.17"]
[Round "-"]
[White "wight knight"]
[Black "ray winteringham"]
[Result "1-0"]
[WhiteCountry "ENG"]
[BlackCountry "ENG"]
[WhiteElo "1312"]
[WhiteRD "54"]
[BlackElo "1448"]
[BlackRD "48"]
[GameID "460173"]

1. e4 e5 2. Bc4 Nf6 3. f3 Bc5 4. d3 Bxg1 5. Rxg1 d6 6. g4 h6 7. g5 hxg5 8. Qd2 g4 9. Qg5 g6 10. fxg4 Nbd7
11. Nc3 c6 12. h4 b5 13. Bb3 Qb6 14. Be3 Qc7 15. O-O-O Bb7 16. d4 O-O-O 17. dxe5 dxe5 18. Bxf7 Kb8 19. Be6 Nh7 20. Qe7 Bc8
21. Qd6 Qxd6 22. Rxd6 Nhf8 23. Rxc6 Nxe6 24. Rxe6 Rdf8 25. Nxb5 Nf6 26. Bxa7+ Kb7 27. Rb6+ Ka8 28. Rb8#
1-0

[Event "Ten14Twenty"]
[Site "SchemingMind.com"]
[Date "2020.09.17"]
[Round "-"]
[White "ray winteringham"]
[Black "WonkaEight"]
[Result "1-0"]
[WhiteCountry "ENG"]
[BlackCountry "AUS"]
[WhiteElo "1446"]
[WhiteRD "48"]
[BlackElo "1387"]
[BlackRD "72"]
[GameID "460174"]

1. g3 d5 2. Bg2 Nf6 3. d4 Nc6 4. Nf3 e6 5. Bg5 h6 6. Bxf6 Qxf6 7. c3 b5 8. O-O Bd6 9. a4 Ba6 10. b4 Nxb4
11. cxb4 Bxb4 12. Qb3 Ba5 13. axb5 Rb8 14. Rxa5 c6 15. Rxa6 Rxb5 16. Qa4
1-0

[Event "Ten14Twenty"]
[Site "SchemingMind.com"]
[Date "2020.09.17"]
[Round "-"]
[White "WonkaEight"]
[Black "ray winteringham"]
[Result "0-1"]
[WhiteCountry "AUS"]
[BlackCountry "ENG"]
[WhiteElo "1387"]
[WhiteRD "72"]
[BlackElo "1446"]
[BlackRD "48"]
[GameID "460175"]

1. e4 e5 2. Nf3 d6 3. d4 f6 4. dxe5 fxe5 5. Bc4 Nc6 6. Qd5 Qe7 7. Ng5 Nf6 8. Qf7+ Qxf7 9. Nxf7 Nxe4 10. Nxh8 a6
11. Bf7+ Ke7 12. Bc4 Nd4 13. Bd3 Bf5 14. O-O g6 15. Bg5+ Ke6 16. Bc4+ d5 17. c3 Nc2 18. Nd2 Nxg5 19. Rac1 dxc4 20. Nxc4 Bg7
21. Nf7 Nxf7 22. Ne3 Nxe3 23. fxe3 Nd6 24. Rcd1 Bh6 25. Rde1 Be4
0-1